<?xml version="1.0" encoding="UTF-8"?>
<record
    xmlns:xsi="http://www.w3.org/2001/XMLSchema-instance"
    xsi:schemaLocation="http://www.loc.gov/MARC21/slim http://www.loc.gov/standards/marcxml/schema/MARC21slim.xsd"
    xmlns="http://www.loc.gov/MARC21/slim">

  <leader>03025cam a22003615a 4500</leader>
  <datafield tag="999" ind1=" " ind2=" ">
    <subfield code="c">27282</subfield>
    <subfield code="d">27253</subfield>
  </datafield>
  <controlfield tag="001">18497952</controlfield>
  <controlfield tag="005">20190324103724.0</controlfield>
  <controlfield tag="008">150219s2016    nyua   frb    001 0 eng d</controlfield>
  <datafield tag="010" ind1=" " ind2=" ">
    <subfield code="a">  2015004457</subfield>
  </datafield>
  <datafield tag="020" ind1=" " ind2=" ">
    <subfield code="a">9780415738156 (hardcover)</subfield>
  </datafield>
  <datafield tag="040" ind1=" " ind2=" ">
    <subfield code="a">DLC</subfield>
    <subfield code="b">eng</subfield>
    <subfield code="c">DLC</subfield>
    <subfield code="d">DLC</subfield>
    <subfield code="d">EG-ScBUE</subfield>
  </datafield>
  <datafield tag="082" ind1="0" ind2="4">
    <subfield code="a">070.4</subfield>
    <subfield code="b">HER</subfield>
    <subfield code="2">22</subfield>
  </datafield>
  <datafield tag="100" ind1="1" ind2=" ">
    <subfield code="a">Hernandez, Richard Koci.</subfield>
  </datafield>
  <datafield tag="245" ind1="1" ind2="4">
    <subfield code="a">The principles of multimedia journalism :</subfield>
    <subfield code="b">packaging digital news /</subfield>
    <subfield code="c">Richard Koci Hernandez and Jeremy Rue.</subfield>
  </datafield>
  <datafield tag="246" ind1="3" ind2="0">
    <subfield code="a">Multimedia journalism</subfield>
  </datafield>
  <datafield tag="250" ind1=" " ind2=" ">
    <subfield code="a">1st. ed.</subfield>
  </datafield>
  <datafield tag="260" ind1=" " ind2=" ">
    <subfield code="a">New York ;</subfield>
    <subfield code="a">Oxon :</subfield>
    <subfield code="b">Routledge / Taylor &amp; Francis group,</subfield>
    <subfield code="c">2016.</subfield>
  </datafield>
  <datafield tag="300" ind1=" " ind2=" ">
    <subfield code="a">xiv, 217 p. :</subfield>
    <subfield code="b">ill. ;</subfield>
    <subfield code="c">24 cm.</subfield>
  </datafield>
  <datafield tag="504" ind1=" " ind2=" ">
    <subfield code="a">Includes bibliographical references and index.</subfield>
  </datafield>
  <datafield tag="505" ind1="0" ind2=" ">
    <subfield code="a">Introduction to digital news packages -- The evolution of the digital news package -- Classification of digital news packages -- Continuous packages (case study: The verge) -- Comprehensive (case study: Planet money, NPR) -- Immersive (case study: National Film Board of Canada Digital Studio) -- Intersections (case study: The New York times, The guardian, National geographic) -- Lean back, lean forward, stand up -- A major shift in approach -- Stepping back, moving forward.</subfield>
  </datafield>
  <datafield tag="520" ind1=" " ind2=" ">
    <subfield code="a">"In this much-needed examination of the principles of multimedia journalism, experienced journalists Richard Koci Hernandez and Jeremy Rue systemize and categorize the characteristics of the new, often experimental story forms that appear on today's digital news platforms. By identifying a classification of digital news packages, and introducing a new vocabulary for how content is packaged and presented, the authors give students and professionals alike a way to talk about and understand the importance of story design in an era of convergence storytelling. Online, all forms of media are on the table: audio, video, images, graphics, and text are available to journalists at any type of media company as components with which to tell a story. This book provides insider instruction on how to package and interweave the different media forms together into an effective narrative structure. Featuring interviews with some of the most exceptional storytellers and innovators of our time, including web and interactive producers at the New York Times, NPR, The Marshall Project, The Guardian, National Film Board of Canada, and the Verge, this exciting and timely new book analyzes examples of innovative stories that leverage technology in unexpected ways to create entirely new experiences online that both engage and inform."-- Publisher information</subfield>
  </datafield>
  <datafield tag="650" ind1=" " ind2="7">
    <subfield code="a">Journalism.</subfield>
    <subfield code="2">BUEsh</subfield>
    <subfield code="9">37800</subfield>
  </datafield>
  <datafield tag="650" ind1=" " ind2="7">
    <subfield code="a">Online journalism.</subfield>
    <subfield code="2">BUEsh</subfield>
    <subfield code="9">37766</subfield>
  </datafield>
  <datafield tag="650" ind1=" " ind2="7">
    <subfield code="a">Interactive multimedia.</subfield>
    <subfield code="2">BUEsh</subfield>
  </datafield>
  <datafield tag="650" ind1=" " ind2="7">
    <subfield code="a">Journalism</subfield>
    <subfield code="v">Case studies.</subfield>
    <subfield code="2">BUEsh</subfield>
  </datafield>
  <datafield tag="650" ind1=" " ind2="7">
    <subfield code="a">Online journalism</subfield>
    <subfield code="v">Case studies.</subfield>
    <subfield code="2">BUEsh</subfield>
  </datafield>
  <datafield tag="650" ind1=" " ind2="7">
    <subfield code="a">Interactive multimedia</subfield>
    <subfield code="v">Case Studies.</subfield>
    <subfield code="2">BUEsh</subfield>
  </datafield>
  <datafield tag="651" ind1=" " ind2=" ">
    <subfield code="2">BUEsh</subfield>
  </datafield>
  <datafield tag="653" ind1=" " ind2=" ">
    <subfield code="b">COMAME</subfield>
    <subfield code="c">March2019</subfield>
  </datafield>
  <datafield tag="655" ind1=" " ind2=" ">
    <subfield code="v">Reading book</subfield>
  </datafield>
  <datafield tag="700" ind1="1" ind2=" ">
    <subfield code="a">Rue, Jeremy.</subfield>
  </datafield>
  <datafield tag="942" ind1=" " ind2=" ">
    <subfield code="2">ddc</subfield>
  </datafield>
  <datafield tag="952" ind1=" " ind2=" ">
    <subfield code="0">0</subfield>
    <subfield code="1">0</subfield>
    <subfield code="2">ddc</subfield>
    <subfield code="4">0</subfield>
    <subfield code="7">0</subfield>
    <subfield code="8">Baccah</subfield>
    <subfield code="a">MAIN</subfield>
    <subfield code="b">MAIN</subfield>
    <subfield code="c">LOW</subfield>
    <subfield code="d">2019-03-24</subfield>
    <subfield code="e">Purchase</subfield>
    <subfield code="g">1650.00</subfield>
    <subfield code="l">1</subfield>
    <subfield code="o">070.4 HER</subfield>
    <subfield code="p">000044461</subfield>
    <subfield code="r">2025-07-15 00:00:00</subfield>
    <subfield code="s">2022-10-26</subfield>
    <subfield code="v">2062.50</subfield>
    <subfield code="y">BB</subfield>
  </datafield>
</record>
